00607 2200229 4500001002100000005001700021008004100038035002400079082001000103090001700113100001900130245005800149250001200207260004100219300003100260500001100291650002800302850001300330980001300343985000600356999001500362YOGYA-0209000001803220090227022826.0 ind  0010-020900000018032 a630.2 a630.2bMas H aMASEFIELD, G.B aA Handbook of tropical agriculturecby G.B. Masefield a1st. Ed aOxfordbAt The Clarendon Pressc1955 aviii, 196 hlmbilusc22 cm aIndeks aPertanian daerah tropis aYOPDYOGB a03-03-06 a1 ab000004320